000
00209 a2200097 4500
001
59650
100
_a
245
_a
Advanced educational psychology
260
_a
New Delhi
_b
APH
_c
2007
090
_c
36524
_d
36524
942
_a
NUST-CAE
_c
_c
29474
999
_c
294723
_d
294723